Online
Catalog

Aus dem Schattenreich : (Record no. 41972)

MARC details
000 -CABECERA
campo de control de longitud fija 00558nam a2200157 a 4500
001 - NÚMERO DE CONTROL
campo de control 000042483
005 - FECHA Y HORA DE LA ÚLTIMA TRANSACCIÓN
campo de control 20201002040200.0
008 - DATOS DE LONGITUD FIJA--INFORMACIÓN GENERAL
campo de control de longitud fija 131204s2009 gw 000 0 spa d
020 ## - NÚMERO INTERNACIONAL ESTÁNDAR DEL LIBRO
Número Internacional Estándar del Libro 9783421044228
040 ## - FUENTE DE LA CATALOGACIÓN
Centro catalogador/agencia de origen DO-SdBNP
Lengua de catalogación spa
Centro/agencia transcriptor BNPHU
082 ## - NÚMERO DE LA CLASIFICACIÓN DECIMAL DEWEY
Número de clasificación xxxx
Número de documento/Ítem xxxx
100 1# - ENTRADA PRINCIPAL--NOMBRE DE PERSONA
Nombre de persona Uchida, Hyakken,
Fechas asociadas al nombre 1889-1971.
9 (RLIN) 69673
245 10 - MENCIÓN DE TÍTULO
Título Aus dem Schattenreich :
Resto del título Erzählungen ; aus dem Japanischen übersetzt und mit einem Nachwort von Lisette Gebhardt /
Mención de responsabilidad, etc. Hyakken Uchida.
260 ## - PUBLICACIÓN, DISTRIBUCIÓN, ETC.
Lugar de publicación, distribución, etc. München, Germany :
Nombre del editor, distribuidor, etc. Deutsche Verlags-Anstalt,
Fecha de publicación, distribución, etc. 2009.
300 ## - DESCRIPCIÓN FÍSICA
Extensión 169 p. ;
Dimensiones 21 cm.
Holdings
Estado de retiro Estado de pérdida Restricciones de uso No para préstamo Código de colección Localización permanente Ubicación/localización actual Ubicación en estantería Fecha de adquisición Número de inventario Total de préstamos Signatura topográfica completa Código de barras Fecha visto por última vez Precio válido a partir de Tipo de ítem Koha
      Excluido de préstamo Monografías: Libros y Folletos General General En catalogación 04.12.2013 LF1   xxxx xxxx 42483-10 25.06.2020 25.06.2020 No se presta

Powered by Koha